000 00415pab a2200157 454500
008 180718b2006 xxu||||| |||| 00| 0 eng d
100 _aBajaj, K. K.
245 _aQuality assurance in higher education through healthy practices
260 _c2006
300 _ap.135-40.
362 _a27 Nov-3 Dec
650 _aEducational quality
650 _aHigher education
773 _aUniversity News
909 _a72499
999 _c72499
_d72499